Statistiken für Was gehört zu welchem Land?

Klicken Sie hier um das Quiz zu spielen!

Allgemein

  • Dieses Quiz wurde 161 mal gespielt
  • Das Durchschnittsergebnis liegt bei 89 aus 100

Antwortstatistiken

FrageKachelSelect% Korrekt
JapanBagetteNein
99%
JapanElsassNein
99%
JapanMamma MiaNein
99%
JapanParisNein
99%
JapanSchiefer TurmNein
99%
JapanPizzaNein
98%
JapanRenaultNein
98%
ChinaBagetteNein
97%
ChinaElsassNein
97%
FrankreichHuaweiNein
97%
ItalienHuaweiNein
97%
ItalienHyundaiNein
97%
FrankreichHyundaiNein
97%
ItalienKarateNein
97%
FrankreichKarateNein
97%
FrankreichKendoNein
97%
ItalienKung FuNein
97%
FrankreichKung FuNein
97%
SüdkoreaMamma MiaNein
97%
FrankreichMulanNein
97%
ItalienNinjaNein
97%
FrankreichNinjaNein
97%
SüdkoreaParisNein
97%
ChinaParisNein
97%
ChinaPizzaNein
97%
SüdkoreaPizzaNein
97%
FrankreichPizzaNein
97%
SüdkoreaRenaultNein
97%
ChinaRenaultNein
97%
FrankreichSamsungNein
97%
ItalienSamsungNein
97%
FrankreichSamuraiNein
97%
FrankreichSchiefer TurmNein
97%
ChinaSchiefer TurmNein
97%
SüdkoreaSchiefer TurmNein
97%
ItalienSeoulNein
97%
FrankreichSeoulNein
97%
FrankreichShanghaiNein
97%
ItalienShanghaiNein
97%
SüdkoreaBagetteNein
96%
ItalienBagetteNein
96%
ItalienBusanNein
96%
SüdkoreaElsassNein
96%
ItalienKendoNein
96%
ChinaMamma MiaNein
96%
FrankreichMarioNein
96%
ItalienParisNein
96%
ItalienSamuraiNein
96%
SüdkoreaSamuraiNein
96%
SüdkoreaShanghaiNein
96%
SüdkoreaMarioNein
95%
ItalienRenaultNein
95%
FrankreichBusanNein
94%
ItalienElsassNein
94%
FrankreichMamma MiaNein
94%
ChinaMarioNein
94%
SüdkoreaNinjaNein
94%
JapanSeoulNein
94%
ChinaSeoulNein
93%
JapanBusanNein
92%
SüdkoreaKarateNein
92%
SüdkoreaKung FuNein
92%
ItalienMulanNein
92%
JapanShanghaiNein
92%
ChinaKendoNein
91%
SüdkoreaMulanNein
90%
ChinaSamsungNein
90%
FrankreichBagetteJa
88%
FrankreichParisJa
88%
ChinaNinjaNein
87%
SüdkoreaKendoNein
86%
JapanHuaweiNein
85%
ItalienPizzaJa
85%
ChinaSamuraiNein
85%
ChinaShanghaiJa
85%
FrankreichElsassJa
84%
ChinaHyundaiNein
84%
JapanSamuraiJa
83%
ItalienSchiefer TurmJa
83%
SüdkoreaHuaweiNein
82%
FrankreichRenaultJa
82%
ChinaBusanNein
81%
JapanMulanNein
81%
JapanNinjaJa
81%
SüdkoreaSeoulJa
81%
JapanSamsungNein
79%
ChinaKarateNein
78%
JapanKendoJa
75%
JapanMarioNein
72%
JapanHyundaiNein
68%
ItalienMamma MiaJa
68%
JapanKung FuNein
67%
JapanKarateJa
66%
SüdkoreaSamsungJa
65%
ChinaHuaweiJa
62%
ChinaKung FuJa
58%
ItalienMarioJa
57%
SüdkoreaHyundaiJa
54%
ChinaMulanJa
50%
SüdkoreaBusanJa
44%

Verteilung der Resultate

Perzentil nach korrekt beantworteten Fragen

Anzahl Personen mit jedem Resultat

Ihre Resultats-Entwicklung

Sie haben dieses Quiz noch nicht gespielt